[Event "2006 China & Russia chess summit"]
[Site "Erguna CHN"]
[Date "2006.08.10"]
[Round "1"]
[White "Kosintseva, Nadezhda"]
[Black "Shen Yang"]
[Result "1-0"]
[WhiteElo "2472"]
[BlackElo "2459"]
[PlyCount "129"]
[EventDate "2006.08.11"]
[Source "Chess Today"]
[SourceDate "2006.08.14"]

1. e4 e5 2. Nf3 Nc6 3. Bb5 a6 4. Ba4 Nf6 5. O-O Be7 6. Re1 b5 7. Bb3 d6 8. c3
O-O 9. d4 Bg4 10. d5 Na5 11. Bc2 Qc8 12. Nbd2 c6 13. b4 Nb7 14. dxc6 Qxc6 15.
Bb2 Nd8 16. Nf1 Ne6 17. h3 Bh5 18. Ng3 Bg6 19. Nh4 Rfe8 20. Qf3 Bd8 21. Nxg6
hxg6 22. Bb3 Rc8 23. Rad1 Bb6 24. h4 Nf4 25. Nf1 Red8 26. Rd2 Qb7 27. g3 Nh3+
28. Kg2 g5 29. Qf5 g4 30. Nh2 d5 31. Nxg4 Nxg4 32. Kxh3 dxe4 33. Rxd8+ Rxd8 34.
Qxg4 Bxf2 35. Rf1 e3 36. Bc1 Rd3 37. Bxe3 Bxe3 38. Bxf7+ Kh8 39. Bg6 Rd8 40.
Be4 Qc8 41. Rf5 Kg8 42. Qg6 Qd7 43. g4 Qd6 44. Qf7+ Kh8 45. g5 g6 46. Rf6 Qd7+
47. Qxd7 Rxd7 48. Rxg6 Rc7 49. Kg4 Rxc3 50. Rxa6 Rc8 51. h5 Rf8 52. Bf5 Bd2 53.
g6 Rd8 54. Be6 Kg7 55. Ra7+ Kf6 56. Bb3 Rd4+ 57. Kf3 Bh6 58. Rh7 Kg5 59. g7
Bxg7 60. Rxg7+ Kxh5 61. Re7 Rxb4 62. Rxe5+ Kg6 63. Ke3 Kf6 64. Rd5 Ke7 65. Kd3
1-0

[Event "2006 China & Russia chess summit"]
[Site "Erguna CHN"]
[Date "2006.08.10"]
[Round "1"]
[White "Hou Yifan"]
[Black "Kosintseva, Tatiana"]
[Result "1-0"]
[WhiteElo "2488"]
[BlackElo "2479"]
[PlyCount "79"]
[EventDate "2006.08.11"]
[Source "Chess Today"]
[SourceDate "2006.08.14"]

1. e4 e5 2. Nf3 Nc6 3. Bb5 a6 4. Ba4 Nf6 5. O-O Bc5 6. d3 b5 7. Bb3 d6 8. c3 h6
9. h3 O-O 10. Be3 Bxe3 11. fxe3 d5 12. exd5 Nxd5 13. Qe2 Be6 14. Nbd2 Re8 15.
Rae1 Nb6 16. Bxe6 Rxe6 17. Ne4 Qd5 18. Nh4 Ne7 19. Qg4 Nd7 20. Rf3 Rf8 21. Ref1
g6 22. R3f2 Qc6 23. Kh1 Qb6 24. Ng3 Nf6 25. Qf3 Nh7 26. d4 Rf6 27. Qe4 Rxf2 28.
Rxf2 Qe6 29. dxe5 Ng5 30. Qf4 Rd8 31. Nf3 Nxf3 32. Rxf3 g5 33. Qe4 Ng6 34. Rf6
Qd5 35. Rxg6+ fxg6 36. Qxg6+ Kh8 37. Qxh6+ Kg8 38. Qg6+ Kh8 39. Qf6+ Kh7 40.
Nf5 1-0

[Event "2006 China & Russia chess summit"]
[Site "Erguna CHN"]
[Date "2006.08.10"]
[Round "1"]
[White "Tairova, Elena"]
[Black "Zhao Xue"]
[Result "1/2-1/2"]
[WhiteElo "2397"]
[BlackElo "2456"]
[PlyCount "183"]
[EventDate "2006.08.11"]
[Source "Chess Today"]
[SourceDate "2006.08.14"]

1. e4 c5 2. Nf3 g6 3. c4 Nc6 4. d4 cxd4 5. Nxd4 Nf6 6. Nc3 Bg7 7. Be3 d6 8. Be2
O-O 9. O-O Bd7 10. Rc1 Re8 11. f3 a6 12. Qd2 Nxd4 13. Bxd4 Qb8 14. Bb6 Bc6 15.
Nd5 Nd7 16. Be3 Qd8 17. b4 b6 18. Rfd1 a5 19. a3 Ba4 20. Re1 Bc6 21. Nc3 Qb8
22. Red1 axb4 23. axb4 Ra3 24. Bd4 Bxd4+ 25. Qxd4 Qa8 26. Nb5 Bxb5 27. cxb5 Rc8
28. Bc4 Qb8 29. f4 Ra7 30. Rc2 d5 31. Qxd5 e6 32. Qd2 Nf6 33. Qe3 Rd8 34. Rdc1
Qd6 35. Be2 Rad7 36. Rc4 Qb8 37. h3 e5 38. f5 Rd4 39. fxg6 hxg6 40. Bf3 Kg7 41.
Rc6 Qa7 42. Qb3 Qe7 43. Rc7 R8d7 44. R7c4 Qe6 45. Qc3 Qe7 46. Qb3 Rd2 47. Qe3
R2d4 48. Kh2 R7d6 49. Be2 Nxe4 50. Rc7 Qg5 51. Qxg5 Nxg5 52. Bc4 Rf6 53. Rc2
Ne4 54. Rc6 Rd2 55. Rxf6 Kxf6 56. Rc1 Nd6 57. Bf1 Nf5 58. Rc6+ Kg5 59. Bc4 f6
60. Rxb6 Ne3 61. Rc6 Rxg2+ 62. Kh1 Rb2 63. b6 Rxb4 64. Ba6 Kf4 65. Rxf6+ Kg3
66. Rxg6+ Kxh3 67. Bc8+ Kh4 68. b7 Rb2 69. Rg7 Nd5 70. Rg4+ Kh5 71. Re4 Nf4 72.
Rxe5+ Kh4 73. Re3 Nd5 74. Rh3+ Kg5 75. Rd3 Ne7 76. Rc3 Kf4 77. Kg1 Ke4 78. Rc2
Rb1+ 79. Kf2 Kd5 80. Bg4 Kd6 81. Bf3 Kd7 82. Ke3 Nf5+ 83. Kf4 Nd6 84. Bg4+ Ke7
85. Rc7+ Kf6 86. Bf3 Ke6 87. Rh7 Kf6 88. Rd7 Rb4+ 89. Kg3 Ke6 90. Bg4+ Nf5+ 91.
Bxf5+ Kxf5 92. Kf3 1/2-1/2

[Event "2006 China & Russia chess summit"]
[Site "Erguna CHN"]
[Date "2006.08.10"]
[Round "1"]
[White "Kovalevskaya, Ekaterina"]
[Black "Huang Qian"]
[Result "0-1"]
[WhiteElo "2463"]
[BlackElo "2380"]
[PlyCount "81"]
[EventDate "2006.08.11"]
[Source "Chess Today"]
[SourceDate "2006.08.14"]

1. c4 Nf6 2. Nc3 g6 3. g3 d5 4. cxd5 Nxd5 5. Bg2 Nb6 6. d3 Bg7 7. Be3 Nc6 8.
Bxc6+ bxc6 9. Qd2 h6 10. Nf3 Bg4 11. Rc1 Bxf3 12. exf3 Nd5 13. O-O Nxc3 14.
bxc3 Qd5 15. Kg2 Qa5 16. Rfe1 Rd8 17. d4 e6 18. Rb1 c5 19. Qc1 cxd4 20. cxd4
O-O 21. Bxh6 Bxh6 22. Qxh6 Rxd4 23. Re2 Qd5 24. Rbe1 Rd3 25. Re4 Rd8 26. a4 c5
27. Rf4 Rd4 28. Ree4 Rxe4 29. Rxe4 Qf5 30. Rh4 Qf6 31. Qc1 Rd5 32. Qb1 Qd8 33.
Rc4 Qd6 34. Qb5 Kg7 35. Qa5 Qb6 36. Qc3+ f6 37. Qc1 Qd6 38. Rh4 g5 39. Rc4 Rd1
40. Qc3 Rd3 41. Qc2 0-1

[Event "2006 China & Russia chess summit"]
[Site "Erguna CHN"]
[Date "2006.08.10"]
[Round "1"]
[White "Bu Xiangzhi"]
[Black "Malakhov, Vladimir"]
[Result "1/2-1/2"]
[WhiteElo "2664"]
[BlackElo "2690"]
[PlyCount "82"]
[EventDate "2006.08.11"]
[Source "Chess Today"]
[SourceDate "2006.08.14"]

1. e4 c5 2. Nf3 Nc6 3. d4 cxd4 4. Nxd4 g6 5. c4 Nf6 6. Nc3 d6 7. Be2 Nxd4 8.
Qxd4 Bg7 9. Bg5 O-O 10. Qd2 Be6 11. Rc1 Qa5 12. f3 Rfc8 13. b3 a6 14. Na4 Qxd2+
15. Kxd2 Rc6 16. Nc3 Rcc8 17. h4 Kf8 18. g4 Bd7 19. Be3 Be8 20. h5 Nd7 21. g5
b5 22. f4 Nc5 23. Bxc5 Rxc5 24. Nd5 bxc4 25. Bxc4 a5 26. hxg6 hxg6 27. Rh7 Bc6
28. a3 Bxd5 29. Bxd5 Rxc1 30. Kxc1 Rc8+ 31. Kd2 e6 32. Bc4 d5 33. exd5 exd5 34.
Bd3 Bb2 35. f5 gxf5 36. Bxf5 Rc6 37. Rh6 Rxh6 38. gxh6 Bxa3 39. Kc3 Bc5 40. Kd3
Kg8 41. Kc3 Be3 1/2-1/2

[Event "2006 China & Russia chess summit"]
[Site "Erguna CHN"]
[Date "2006.08.10"]
[Round "1"]
[White "Zhang Zhong"]
[Black "Jakovenko, Dmitrij"]
[Result "1-0"]
[WhiteElo "2639"]
[BlackElo "2667"]
[PlyCount "57"]
[EventDate "2006.08.11"]
[Source "Chess Today"]
[SourceDate "2006.08.14"]

1. c4 Nf6 2. Nc3 e6 3. e4 d5 4. e5 d4 5. exf6 dxc3 6. bxc3 Qxf6 7. Nf3 c5 8. d4
cxd4 9. Bg5 Qf5 10. cxd4 Bb4+ 11. Bd2 Nc6 12. Bxb4 Nxb4 13. Rc1 O-O 14. Qd2 Qa5
15. Be2 b6 16. O-O Qxa2 17. Qxb4 Qxe2 18. Rfe1 Qa2 19. Ne5 a5 20. Qxb6 a4 21.
Qc6 Ra6 22. Qc5 a3 23. Nc6 Rxc6 24. Qxc6 Qb2 25. Ra1 Bb7 26. Qb5 Qxb5 27. cxb5
Ra8 28. Rec1 Bd5 29. Rxa3 1-0

[Event "2006 China & Russia chess summit"]
[Site "Erguna CHN"]
[Date "2006.08.10"]
[Round "1"]
[White "Zvjaginsev, Vadim"]
[Black "Ni Hua"]
[Result "1-0"]
[WhiteElo "2675"]
[BlackElo "2607"]
[PlyCount "81"]
[EventDate "2006.08.11"]
[Source "Chess Today"]
[SourceDate "2006.08.14"]

1. e4 e6 2. Qe2 e5 3. c3 Nc6 4. f4 d6 5. Nf3 g6 6. Qf2 Bg7 7. Bc4 Nf6 8. d3 O-O
9. O-O exf4 10. Bxf4 Ng4 11. Qg3 Nge5 12. Nbd2 Nxc4 13. Nxc4 Be6 14. Ne3 Ne5
15. Nxe5 dxe5 16. Bxe5 Bxe5 17. Qxe5 Qxd3 18. Rf3 Qe2 19. c4 Rad8 20. Raf1 Rd3
21. Ng4 Bxg4 22. Rxf7 Qxf1+ 23. Rxf1 Rxf1+ 24. Kxf1 Rd7 25. h3 Rf7+ 26. Kg1 Bc8
27. Qe8+ Rf8 28. Qe7 c6 29. e5 Rf7 30. Qd8+ Rf8 31. Qe7 Rf7 32. Qd8+ Rf8 33.
Qc7 a6 34. b3 Re8 35. Kf2 Rf8+ 36. Ke3 Re8 37. g4 Rf8 38. a4 Re8 39. Kf4 h6 40.
Ke4 Rf8 41. Qe7 1-0

[Event "2006 China & Russia chess summit"]
[Site "Erguna CHN"]
[Date "2006.08.10"]
[Round "1"]
[White "Wang Yue"]
[Black "Dreev, Alexey"]
[Result "1-0"]
[WhiteElo "2626"]
[BlackElo "2666"]
[PlyCount "79"]
[EventDate "2006.08.11"]
[Source "Chess Today"]
[SourceDate "2006.08.14"]

1. Nf3 d5 2. c4 c6 3. e3 Nf6 4. d4 Bf5 5. Nc3 e6 6. Nh4 Bg6 7. Nxg6 hxg6 8. Bd2
Nbd7 9. b3 Be7 10. g3 e5 11. cxd5 cxd5 12. Bg2 e4 13. O-O O-O 14. h4 Nb6 15.
Qe2 a6 16. a4 Ne8 17. f3 f5 18. h5 gxh5 19. fxe4 dxe4 20. Qxh5 Nd6 21. g4 Qe8
22. Qxe8 Raxe8 23. a5 Nd7 24. Nd5 Bg5 25. Bb4 Nf6 26. Bxd6 Nxd5 27. Bxf8 Bxe3+
28. Kh2 f4 29. Bd6 Re6 30. g5 Rxd6 31. Bxe4 Kf7 32. Kh3 Ke6 33. Kg4 Rc6 34. Ra4
Bd2 35. Rf2 Be3 36. Rc2 Rxc2 37. Bxc2 f3 38. Kxf3 Bxg5 39. Be4 Bd8 40. Rc4 1-0

[Event "2006 China & Russia chess summit"]
[Site "Erguna CHN"]
[Date "2006.08.11"]
[Round "2"]
[White "Shen Yang"]
[Black "Kosintseva, Tatiana"]
[Result "1/2-1/2"]
[WhiteElo "2459"]
[BlackElo "2479"]
[PlyCount "47"]
[EventDate "2006.08.11"]
[Source "Chess Today"]
[SourceDate "2006.08.14"]

1. e4 e5 2. Nf3 Nc6 3. Bb5 a6 4. Ba4 Nf6 5. O-O Bc5 6. c3 b5 7. Bc2 d5 8. d4
dxe4 9. dxc5 Qxd1 10. Bxd1 exf3 11. Bxf3 e4 12. Be2 Bg4 13. f3 exf3 14. gxf3
Bf5 15. b4 O-O-O 16. a4 Rhe8 17. axb5 Rxe2 18. bxc6 Bh3 19. Rxa6 Kb8 20. Bf4
Bxf1 21. Rb6+ Kc8 22. Ra6 Kb8 23. Rb6+ Kc8 24. Ra6 1/2-1/2

[Event "2006 China & Russia chess summit"]
[Site "Erguna CHN"]
[Date "2006.08.11"]
[Round "2"]
[White "Malakhov, Vladimir"]
[Black "Zhang Pengxiang"]
[Result "1/2-1/2"]
[WhiteElo "2690"]
[BlackElo "2622"]
[PlyCount "39"]
[EventDate "2006.08.11"]
[Source "Chess Today"]
[SourceDate "2006.08.14"]

1. Nf3 d5 2. c4 c6 3. e3 Nf6 4. Nc3 e6 5. b3 Nbd7 6. Bb2 dxc4 7. bxc4 e5 8. Qc2
Bb4 9. Be2 O-O 10. O-O Re8 11. Rad1 e4 12. Nd4 Ne5 13. Ba1 Bd6 14. f4 exf3 15.
Nxf3 Nfg4 16. h3 Nxf3+ 17. Rxf3 Qh4 18. hxg4 Qh2+ 19. Kf2 Qh4+ 20. Kg1 1/2-1/2

[Event "2006 China & Russia chess summit"]
[Site "Erguna CHN"]
[Date "2006.08.11"]
[Round "2"]
[White "Wang Yue"]
[Black "Zvjaginsev, Vadim"]
[Result "1/2-1/2"]
[WhiteElo "2626"]
[BlackElo "2675"]
[PlyCount "44"]
[EventDate "2006.08.11"]
[Source "Chess Today"]
[SourceDate "2006.08.14"]

1. d4 d5 2. c4 e6 3. Nc3 Be7 4. Nf3 Nf6 5. Bg5 h6 6. Bh4 O-O 7. e3 c6 8. Qc2
Nbd7 9. Rd1 b6 10. Be2 Bb7 11. O-O Rc8 12. a3 c5 13. dxc5 Rxc5 14. cxd5 Nxd5
15. Bxe7 Qxe7 16. Nxd5 Bxd5 17. Qb1 Nf6 18. Nd4 e5 19. Nf3 Rfc8 20. Rc1 Be4 21.
Qa1 Rc2 22. Ba6 Rxc1 1/2-1/2

[Event "2006 China & Russia chess summit"]
[Site "Erguna CHN"]
[Date "2006.08.11"]
[Round "2"]
[White "Huang Qian"]
[Black "Kosintseva, Nadezhda"]
[Result "1/2-1/2"]
[WhiteElo "2380"]
[BlackElo "2472"]
[PlyCount "63"]
[EventDate "2006.08.11"]
[Source "Chess Today"]
[SourceDate "2006.08.14"]

1. d4 Nf6 2. c4 e6 3. Nf3 d5 4. Nc3 Bb4 5. Bg5 O-O 6. cxd5 exd5 7. Rc1 Nbd7 8.
a3 Bxc3+ 9. Rxc3 h6 10. Bh4 c6 11. e3 g5 12. Bg3 Ne4 13. Rc2 Ndf6 14. Bd3 Bf5
15. Be5 Nd7 16. h3 Nxe5 17. Nxe5 f6 18. Nf3 Qe7 19. Bxe4 Qxe4 20. Rc3 Rae8 21.
O-O Qe6 22. Nd2 Kh7 23. Nb3 Re7 24. Nc5 Qc8 25. b4 Rg8 26. f3 Rge8 27. Qd2 Qb8
28. Qf2 Qd6 29. Nb3 Bg6 30. Nc1 Kg7 31. Re1 Bf5 32. Ne2 1/2-1/2

[Event "2006 China & Russia chess summit"]
[Site "Erguna CHN"]
[Date "2006.08.11"]
[Round "2"]
[White "Jakovenko, Dmitrij"]
[Black "Ni Hua"]
[Result "1-0"]
[WhiteElo "2667"]
[BlackElo "2607"]
[PlyCount "93"]
[EventDate "2006.08.11"]
[Source "Chess Today"]
[SourceDate "2006.08.14"]

1. e4 e6 2. d4 d5 3. Nc3 Nf6 4. e5 Nfd7 5. f4 c5 6. Nf3 Nc6 7. Be3 Be7 8. Qd2
O-O 9. Be2 a6 10. O-O b5 11. Nd1 b4 12. Nf2 a5 13. Nd3 c4 14. Nf2 Ba6 15. c3 a4
16. a3 bxa3 17. bxa3 Rb8 18. Bd1 Rb3 19. Bc2 Qa5 20. Nd1 f5 21. exf6 Nxf6 22.
Qc1 Na7 23. f5 Ne4 24. fxe6 Nb5 25. Bxe4 dxe4 26. Bg5 Nxd4 27. cxd4 Rbxf3 28.
gxf3 Bxg5 29. Qc3 Qf5 30. Ne3 Qxe6 31. fxe4 Rxf1+ 32. Nxf1 Qxe4 33. Re1 Qg6 34.
Qg3 Bf6 35. d5 Bd4+ 36. Ne3 Qxg3+ 37. hxg3 Bc5 38. Kf2 Kf7 39. Kf3 Kf6 40. Ng4+
Kf7 41. Ne5+ Kg8 42. Ke4 h5 43. Rc1 Bd6 44. Rc3 g5 45. Nxc4 Bxc4 46. Rxc4 Bxg3
47. Kf5 1-0

[Event "2006 China & Russia chess summit"]
[Site "Erguna CHN"]
[Date "2006.08.11"]
[Round "2"]
[White "Zhao Xue"]
[Black "Matveeva, Svetlana"]
[Result "1-0"]
[WhiteElo "2456"]
[BlackElo "2454"]
[PlyCount "95"]
[EventDate "2006.08.11"]
[Source "Chess Today"]
[SourceDate "2006.08.14"]

1. d4 d5 2. c4 dxc4 3. e3 e6 4. Bxc4 a6 5. Nf3 c5 6. O-O Nf6 7. Bb3 b5 8. a4 b4
9. Nbd2 Be7 10. e4 Bb7 11. e5 Nfd7 12. Nc4 O-O 13. Bc2 cxd4 14. Bf4 Bd5 15.
Qxd4 Nc6 16. Qd3 g6 17. Nfd2 b3 18. Bxb3 Nc5 19. Qc3 Nxb3 20. Qxb3 Rc8 21. Qc3
Bb4 22. Qe3 Qh4 23. Nd6 Rb8 24. N2e4 Bxd6 25. Nf6+ Kh8 26. Bg3 Bc5 27. Qxc5 Qd4
28. Qxd4 Nxd4 29. Nd7 Rfd8 30. Nxb8 Rxb8 31. Bh4 g5 32. Bxg5 h6 33. Bf6+ Kh7
34. Rfd1 Ne2+ 35. Kf1 Nf4 36. g3 Bc4+ 37. Kg1 Ne2+ 38. Kg2 Rxb2 39. Rd8 Nc3 40.
Kh3 Ne4 41. Rc1 Bd5 42. f4 Nf2+ 43. Kh4 Nd3 44. Rxd5 Rxh2+ 45. Kg4 exd5 46. Rc8
Nf2+ 47. Kf3 h5 48. f5 1-0

[Event "2006 China & Russia chess summit"]
[Site "Erguna CHN"]
[Date "2006.08.11"]
[Round "2"]
[White "Kovalevskaya, Ekaterina"]
[Black "Wang Yu"]
[Result "1/2-1/2"]
[WhiteElo "2463"]
[BlackElo "2390"]
[PlyCount "111"]
[EventDate "2006.08.11"]
[Source "Chess Today"]
[SourceDate "2006.08.14"]

1. e4 e5 2. Nf3 Nc6 3. Nc3 Nf6 4. g3 d5 5. exd5 Nxd5 6. Bg2 Nxc3 7. bxc3 Bd6 8.
O-O O-O 9. d3 Bg4 10. h3 Bh5 11. Qe1 f5 12. Rb1 Rb8 13. c4 Qd7 14. Bb2 Rbe8 15.
Qe3 f4 16. Qe4 Bxf3 17. Qxf3 e4 18. Qg4 Qxg4 19. hxg4 f3 20. Bh1 e3 21. fxe3
Rxe3 22. Bc3 Bxg3 23. Rxb7 Bd6 24. Rb5 g6 25. Bd2 Nd4 26. Rf2 Re2 27. Rxe2 fxe2
28. Bd5+ Kg7 29. Rb1 Bc5 30. Kg2 Nxc2 31. Bf3 Re8 32. Be4 Rf8 33. Bf3 h5 34.
gxh5 gxh5 35. Rc1 e1=Q 36. Rxe1 Nxe1+ 37. Bxe1 Kg6 38. Bg3 Bd6 39. Bf2 c5 40.
Be3 Rb8 41. Be4+ Kf6 42. d4 Re8 43. Kf3 cxd4 44. Bxd4+ Be5 45. Bxa7 h4 46. Kg4
Bg3 47. Bd4+ Kf7 48. Bf5 Rg8+ 49. Kh3 Ke7 50. a4 Be1 51. Be5 Rf8 52. Bg4 Ra8
53. c5 Rxa4 54. c6 Rc4 55. c7 Bg3 56. Bxg3 1/2-1/2

[Event "2006 China & Russia chess summit"]
[Site "Erguna CHN"]
[Date "2006.08.11"]
[Round "2"]
[White "Dreev, Alexey"]
[Black "Bu Xiangzhi"]
[Result "1/2-1/2"]
[WhiteElo "2666"]
[BlackElo "2664"]
[PlyCount "178"]
[EventDate "2006.08.11"]
[Source "Chess Today"]
[SourceDate "2006.08.14"]

1. d4 d5 2. c4 c6 3. Nc3 Nf6 4. e3 g6 5. Nf3 Bg7 6. Be2 O-O 7. O-O a6 8. b3 Ne4
9. Bb2 Nxc3 10. Bxc3 Bg4 11. cxd5 cxd5 12. Ne5 Bxe2 13. Qxe2 Nd7 14. Nd3 Qb6
15. Rac1 Rfc8 16. Qd2 e6 17. Bb4 Qd8 18. a4 Rxc1 19. Rxc1 Rc8 20. h3 h5 21. Rc3
Rxc3 22. Qxc3 Qb8 23. Be7 Kh7 24. Bh4 e5 25. Qa5 Qd6 26. Bg3 f6 27. Qd8 Qe6 28.
dxe5 fxe5 29. Qc8 e4 30. Nf4 Qc6 31. Qe8 Ne5 32. Qe7 Qd7 33. Bh4 a5 34. Qxd7
Nxd7 35. Be7 Bf6 36. Bxf6 Nxf6 37. Kf1 g5 38. Ne6 Kg6 39. Ke2 Kf5 40. Nd8 b6
41. Nc6 Nd7 42. Nd4+ Ke5 43. f3 Nc5 44. Nc6+ Kd6 45. Nd4 Ne6 46. Nb5+ Ke5 47.
g3 exf3+ 48. Kxf3 Nc5 49. Nd4 Ne4 50. g4 h4 51. Ke2 Kd6 52. Nf5+ Kc5 53. Ne7
Nf6 54. Kd3 Nd7 55. Kc3 Nf6 56. Kd3 Ne4 57. Ke2 Nd6 58. Kd3 Nf7 59. Kc3 Nh6 60.
Kd3 Kd6 61. Nc8+ Kc5 62. Ne7 Nf7 63. Kc3 Nd6 64. Kd3 Ne4 65. Ke2 Nf6 66. Kd3
Nd7 67. Kc3 Kd6 68. Nf5+ Ke5 69. Kd2 Nc5 70. Nd4 Ne6 71. Nxe6 Kxe6 72. Kc3 Ke5
73. Kd3 Ke6 74. Kd4 Kd6 75. e4 dxe4 76. Kxe4 Ke6 77. Kd4 Kd6 78. Ke4 Ke6 79.
Kd4 Kd6 80. b4 axb4 81. Kc4 Kc6 82. Kxb4 Kd6 83. Kb5 Kc7 84. Kc4 Kc6 85. Kc3
Kc5 86. Kb3 Kd5 87. Kb4 Kd6 88. Kb5 Kc7 89. Kc4 Kc6 1/2-1/2

[Event "2006 China & Russia chess summit"]
[Site "Erguna CHN"]
[Date "2006.08.12"]
[Round "3"]
[White "Bu Xiangzhi"]
[Black "Zvjaginsev, Vadim"]
[Result "1/2-1/2"]
[WhiteElo "2664"]
[BlackElo "2675"]
[PlyCount "28"]
[EventDate "2006.08.11"]
[Source "Chess Today"]
[SourceDate "2006.08.14"]

1. c4 e5 2. Nc3 Bb4 3. g3 Bxc3 4. bxc3 f5 5. Bg2 Nf6 6. Rb1 Nc6 7. Nf3 O-O 8.
O-O Qe8 9. c5 b6 10. Ba3 bxc5 11. Bxc5 d6 12. Ba3 e4 13. Nd4 Nxd4 14. cxd4 Be6
1/2-1/2

[Event "2006 China & Russia chess summit"]
[Site "Erguna CHN"]
[Date "2006.08.12"]
[Round "3"]
[White "Zhao Xue"]
[Black "Kovalevskaya, Ekaterina"]
[Result "1-0"]
[WhiteElo "2456"]
[BlackElo "2463"]
[PlyCount "45"]
[EventDate "2006.08.11"]
[Source "Chess Today"]
[SourceDate "2006.08.14"]

1. d4 Nf6 2. c4 e6 3. Nf3 b6 4. g3 Bb4+ 5. Nbd2 Bb7 6. a3 Be7 7. Bg2 c5 8. d5
exd5 9. Nh4 d6 10. Qb3 Nc6 11. cxd5 Nd4 12. Qd3 Nxd5 13. e3 Bxh4 14. exd4 Bf6
15. O-O Qd7 16. Re1+ Ne7 17. Bxb7 Qxb7 18. Ne4 O-O 19. Nxf6+ gxf6 20. Bh6 Rfe8
21. Re2 Ng6 22. Qf5 Re6 23. d5 1-0

[Event "2006 China & Russia chess summit"]
[Site "Erguna CHN"]
[Date "2006.08.12"]
[Round "3"]
[White "Matveeva, Svetlana"]
[Black "Hou Yifan"]
[Result "1/2-1/2"]
[WhiteElo "2454"]
[BlackElo "2488"]
[PlyCount "98"]
[EventDate "2006.08.11"]
[Source "Chess Today"]
[SourceDate "2006.08.14"]

1. d4 Nf6 2. c4 e6 3. Nf3 b6 4. a3 Ba6 5. Qa4 Bb7 6. Nc3 c5 7. dxc5 Bxc5 8. Bg5
O-O 9. e3 Be7 10. Be2 d6 11. O-O Nbd7 12. Rfd1 a6 13. Rac1 Rc8 14. b4 h6 15.
Bh4 Qc7 16. Nd2 Qb8 17. Qb3 Rfd8 18. Nde4 Qa8 19. f3 Qb8 20. Qb1 d5 21. cxd5
exd5 22. Bg3 Qa8 23. Nd6 Bxd6 24. Bxd6 Re8 25. Qd3 Ne5 26. Qd4 Nc4 27. Bxc4
Rxc4 28. Qd2 Nh5 29. Ne2 Qd8 30. Bg3 Qg5 31. Bf2 Bc6 32. Rc3 Rxc3 33. Qxc3 Ba4
34. Rd4 Bd7 35. Qd2 Bh3 36. g4 Rd8 37. e4 Qg6 38. Rxd5 Rxd5 39. Qxd5 Bxg4 40.
fxg4 Qxg4+ 41. Ng3 Nf4 42. Qa8+ Kh7 43. e5 Qd1+ 44. Nf1 Nh3+ 45. Kg2 Nf4+ 46.
Kg1 Nh3+ 47. Kg2 Nf4+ 48. Kg1 Nh3+ 49. Kg2 Nf4+ 1/2-1/2

[Event "2006 China & Russia chess summit"]
[Site "Erguna CHN"]
[Date "2006.08.12"]
[Round "3"]
[White "Shen Yang"]
[Black "Tairova, Elena"]
[Result "1-0"]
[WhiteElo "2459"]
[BlackElo "2397"]
[PlyCount "87"]
[EventDate "2006.08.11"]
[Source "Chess Today"]
[SourceDate "2006.08.14"]

1. d4 d5 2. c4 c6 3. Nf3 Nf6 4. Nc3 e6 5. e3 Nbd7 6. Qc2 Bd6 7. b3 O-O 8. Be2
Re8 9. O-O dxc4 10. bxc4 e5 11. Rd1 Qe7 12. a4 e4 13. Nd2 Nf8 14. Qa2 Qc7 15.
h3 Qa5 16. c5 Bb8 17. Nc4 Qd8 18. Qb1 Nd5 19. Bb2 Nxc3 20. Bxc3 Qg5 21. Ne5 Bf5
22. Kf1 Re7 23. a5 Bxe5 24. dxe5 a6 25. Rd6 Rae8 26. Ra3 Ng6 27. g4 Be6 28.
Qxe4 Bd5 29. Rxd5 cxd5 30. Qxd5 Qh4 31. Kg2 Nxe5 32. Bxe5 Rxe5 33. Qxb7 Rxc5
34. Qxa6 Qe7 35. Ra2 h5 36. Qb6 hxg4 37. hxg4 f5 38. Qb3+ Kf8 39. Ra4 Rc1 40.
a6 Rc7 41. gxf5 Qc5 42. Bf3 Ree7 43. Rh4 Rf7 44. Rh8+ 1-0

[Event "2006 China & Russia chess summit"]
[Site "Erguna CHN"]
[Date "2006.08.12"]
[Round "3"]
[White "Jakovenko, Dmitrij"]
[Black "Wang Yue"]
[Result "1-0"]
[WhiteElo "2667"]
[BlackElo "2626"]
[PlyCount "105"]
[EventDate "2006.08.11"]
[Source "Chess Today"]
[SourceDate "2006.08.14"]

1. e4 c5 2. Nf3 Nc6 3. d4 cxd4 4. Nxd4 Nf6 5. Nc3 e5 6. Ndb5 d6 7. Bg5 a6 8.
Na3 b5 9. Nd5 Be7 10. Bxf6 Bxf6 11. c3 Bg5 12. Nc2 Rb8 13. a4 bxa4 14. Ncb4
Nxb4 15. cxb4 O-O 16. Rxa4 Be6 17. Bc4 Qd7 18. b3 Kh8 19. O-O f5 20. exf5 Rxf5
21. Rxa6 e4 22. Ne3 Bxe3 23. fxe3 Bxc4 24. bxc4 Rxf1+ 25. Qxf1 h6 26. Qf4 Rxb4
27. Ra8+ Kh7 28. Qxe4+ g6 29. h4 d5 30. Qd4 Rb1+ 31. Kh2 Qc7+ 32. g3 Rb8 33.
Rxb8 Qxb8 34. cxd5 Qf8 35. Qf4 Qc5 36. Qf7+ Kh8 37. Qxg6 Qxe3 38. Qf6+ Kh7 39.
d6 Qe2+ 40. Kh3 Qd1 41. Qe7+ Kh8 42. Qe5+ Kh7 43. Qf5+ Kh8 44. Qc8+ Kh7 45.
Qb7+ Kh8 46. d7 Qf1+ 47. Kh2 Qf2+ 48. Qg2 Qf8 49. Qb2+ Kh7 50. Qc2+ Kg7 51.
Qc3+ Kg6 52. Qd3+ Kh5 53. Qd1+ 1-0

[Event "2006 China & Russia chess summit"]
[Site "Erguna CHN"]
[Date "2006.08.12"]
[Round "3"]
[White "Ni Hua"]
[Black "Najer, Evgeniy"]
[Result "0-1"]
[WhiteElo "2607"]
[BlackElo "2677"]
[PlyCount "94"]
[EventDate "2006.08.11"]
[Source "Chess Today"]
[SourceDate "2006.08.14"]

1. e4 e5 2. Nf3 Nc6 3. d4 exd4 4. Nxd4 Bc5 5. Nxc6 Qf6 6. Qf3 bxc6 7. Qg3 h5 8.
h4 Nh6 9. f3 d5 10. Nc3 Bb4 11. Bd2 dxe4 12. O-O-O e3 13. Bxe3 Bxc3 14. bxc3
Nf5 15. Qg5 Nxe3 16. Qxe3+ Qe7 17. Qxe7+ Kxe7 18. Bc4 Be6 19. Rd4 Rad8 20. Re1
Rxd4 21. cxd4 Rd8 22. c3 Kf6 23. Bxe6 fxe6 24. Kc2 Rd5 25. a4 g5 26. hxg5+ Rxg5
27. Re2 c5 28. dxc5 Rxc5 29. Kd3 Rd5+ 30. Kc4 Rg5 31. Kb4 Ke7 32. a5 a6 33. c4
Kd7 34. c5 e5 35. Kc4 Kc6 36. Re4 Rf5 37. Rh4 Rf4+ 38. Rxf4 exf4 39. Kd4 Kb5
40. Ke4 Kxc5 41. Kxf4 Kd4 42. g4 h4 43. g5 Kd5 44. Kf5 Kd6 45. g6 Ke7 46. Kg4
c5 47. Kxh4 c4 0-1

[Event "2006 China & Russia chess summit"]
[Site "Erguna CHN"]
[Date "2006.08.12"]
[Round "3"]
[White "Kosintseva, Nadezhda"]
[Black "Wang Yu"]
[Result "1-0"]
[WhiteElo "2472"]
[BlackElo "2390"]
[PlyCount "61"]
[EventDate "2006.08.11"]
[Source "Chess Today"]
[SourceDate "2006.08.14"]

1. e4 e5 2. Nf3 Nc6 3. Bb5 a6 4. Bxc6 dxc6 5. O-O Qd6 6. Na3 Be6 7. Qe2 f6 8.
Rd1 c5 9. c3 Bg4 10. Nc2 O-O-O 11. d4 cxd4 12. cxd4 Qc6 13. d5 Bxf3 14. gxf3
Qd7 15. Be3 Bd6 16. b4 Ne7 17. Rab1 Qb5 18. Qxb5 axb5 19. Bc5 Ng6 20. Rb3 h5
21. Ra3 Kd7 22. Ra7 Ra8 23. Rxb7 Rxa2 24. Ne3 Nh4 25. Rc1 Bxc5 26. bxc5 Rh6 27.
d6 Rg6+ 28. Kh1 Nxf3 29. c6+ Kxd6 30. Nf5+ Ke6 31. Rxc7 1-0

[Event "2006 China & Russia chess summit"]
[Site "Erguna CHN"]
[Date "2006.08.12"]
[Round "3"]
[White "Zhang Pengxiang"]
[Black "Dreev, Alexey"]
[Result "0-1"]
[WhiteElo "2622"]
[BlackElo "2664"]
[PlyCount "108"]
[EventDate "2006.08.11"]
[Source "Chess Today"]
[SourceDate "2006.08.14"]

1. e4 c5 2. Nf3 d6 3. d4 Nf6 4. Nc3 cxd4 5. Nxd4 Nc6 6. f3 e5 7. Nb3 Be7 8. Be3
O-O 9. Nd5 Nxd5 10. exd5 Nb8 11. Qd2 f5 12. f4 a5 13. fxe5 a4 14. Nc5 dxc5 15.
d6 Be6 16. dxe7 Qxe7 17. O-O-O Nc6 18. Qd6 Qf7 19. Bb5 f4 20. Bxc6 fxe3 21. Bf3
Kh8 22. Rhf1 Bf5 23. e6 Bxe6 24. Be2 Qg8 25. Rxf8 Rxf8 26. Qxc5 Bxa2 27. Qxe3
Re8 28. Qd2 Qf8 29. Bb5 Ra8 30. Qd4 Bg8 31. Bxa4 h6 32. Kb1 Qf5 33. Qb4 Qh5 34.
g4 Qxh2 35. Bb3 Qe2 36. Re1 Qa6 37. Qa3 Qxa3 38. bxa3 Bxb3 39. cxb3 Rxa3 40.
Kb2 Ra5 41. Re7 Rg5 42. Rxb7 Rxg4 43. Kc3 h5 44. b4 h4 45. Rd7 Rg3+ 46. Kc4 h3
47. Rd1 g5 48. b5 Kh7 49. b6 Re3 50. Rg1 Kg6 51. b7 Re8 52. Rg3 Rb8 53. Rxh3
Rxb7 54. Kd4 Re7 0-1